Pays commençant par la lettre T - Carte Quiz - Statistiques

Statistiques générales
  • Ce quiz a été pris 470 fois
  • Le résultat moyen est 11 sur 13
Réponses sur la Carte
Les réponses sont colorées sur une échelle allant du rouge au vert en fonction du pourcentage des utilisateurs qui les ont devinées à leur premier essai. Vous pouvez retrouver ces pourcentages ci-dessous.
 
Statistiques - réponses
Pays % Correct
Turquie
100%
Tunisie
99%
Thaïlande
92%
Togo
92%
Turkménistan
92%
Tanzanie
89%
Tchad
86%
Tadjikistan
85%
Taiwan
83%
Tuvalu
78%
Tonga
73%
Trinité-et-Tobago
71%
Timor Oriental
68%
Aucun quiz correspondant
Distribution des résultats
% des personnes avec chaque résultat
Percentile par nombre de réponses
Votre historique - résultats
Vous n’avez pas pris ce quiz